000 00413nam a22001577a 4500
020 _a0596007612
082 _222
_a005.133
100 _aStephens, D. Ryan ...[et al.].
245 _aC++ lookbook /
260 _aCalifornia,
_bO'Reilly,
_cc2006.
300 _axvi, 573p. ;
_bill. ;
_c23 cm.
700 _aDiggins, Christophers,
700 _aTurkanis, Jonathan,
700 _aand Cogswell, Jeff.
942 _2ddc
_cIT
999 _c1981
_d1981